Normal view
MARC view
- التسويق
Entry Topical Term
001 - CONTROL NUMBER
- control field: 32202
003 - CONTROL NUMBER IDENTIFIER
- control field: JO-AjAnu
005 - DATE AND TIME OF LATEST TRANSACTION
- control field: 20230606075420.0
008 - FIXED-LENGTH DATA ELEMENTS
- fixed length control field: 230606|| aca||aabn | a|a d
040 ## - CATALOGING SOURCE
- Original cataloging agency: JO-AjAnu
- Transcribing agency: JO-AjAnu
150 ## - HEADING--TOPICAL TERM
- Topical term or geographic name entry element: التسويق
670 ## - SOURCE DATA FOUND
- Source citation: Work cat.: (JO-AjAnu)16539: الدسوقي،محمد السيد البدوي, author 32201, قواعد البيع الشخصي=Personal Selling: تعلم لغة المال والاعمال بالانجليزية،تعلم اللغة التجارية ومارس البيع بكفاءة